| 000 | 00540nam a22001697a 4500 | ||
|---|---|---|---|
| 003 | PILC | ||
| 005 | 20150304132802.0 | ||
| 008 | 150304b xxu||||| |||| 00| 0 eng d | ||
| 050 |
_aHM 51 _b.C718 2012 |
||
| 100 | _aColoma, Teresita M. | ||
| 245 |
_aEssentials of sociology and anthropology : _ban interactive study / _cTeresita M. Coloma. |
||
| 260 |
_aQuezon City, Philippines : _bC & E Publishing, Inc., _cc2012. |
||
| 300 |
_a277 pages : _billustrations ; _c21 cm. |
||
| 650 | _aAnthropology. | ||
| 650 | _aSociology. | ||
| 942 |
_2lcc _cBK |
||
| 999 |
_c283713 _d283713 |
||